000 00323nam a22001457a 4500
008 210303b ||||| |||| 00| 0 eng d
020 _a9780131985704
041 _aeng
080 _24th
_a610.73
082 _a610.73
100 _a1
101 _aINF
245 _aMedical-Surgical Nursing
_cLeMone, P
942 _2udc
_cBK
999 _c55618
_d55618